Statistiques concernant Harry Potter : Équipes de Quidditch Gryffondor

Cliquez ici pour prendre le quiz!

Statistiques générales

  • Ce quiz a été pris 52 fois
  • Le résultat moyen est 23 sur 30

Statistiques - réponses

Équipe livres 1,2,3Noms% Correct
AttrapeurHarry Potter
100%
AttrapeurHarry Potter
100%
CapitaineHarry Potter
100%
AttrapeurHarry Potter
100%
CapitaineOlivier Dubois
100%
GardienOlivier Dubois
100%
GardienRon Weasley
100%
GardienRon Weasley
100%
BatteursFred Weasley
98%
BatteursFred Weasley
98%
George Weasley
98%
George Weasley
98%
Ginny Weasley
90%
Attrapeur remplaçantGinny Weasley
90%
Attrapeur remplaçantGinny Weasley
90%
Angelina Johnson
83%
CapitaineAngelina Johnson
83%
PoursuiveursAngelina Johnson
83%
PoursuiveursKatie Bell
78%
Katie Bell
78%
PoursuiveursKatie Bell
78%
Alicia Spinnet
71%
Alicia Spinnet
71%
Gardien remplaçantCormac McLaggen
61%
Poursuiveur remplaçantDean Thomas
51%
Jimmy Peakes
27%
Demelza Robins
24%
Batteurs remplaçantsJack Sloper
24%
Andrew Kirke
22%
BatteursRitchie Coote
22%

Distribution des résultats

Percentile par nombre de réponses

% des personnes avec chaque résultat

Votre développement - résultats

Vous n’avez pas pris ce quiz